| 000 | 00583nam a22002177a 4500 | ||
|---|---|---|---|
| 007 | 00 | ||
| 008 | 160623b xxu||||| |||| 00| 0 eng d | ||
| 020 | _a978-2--10-072241-9 | ||
| 040 |
_aBUAC _cBUC |
||
| 041 | _aFre. | ||
| 100 | _aDarpy, Denis | ||
| 245 |
_aLe marketing _c/ par Denis Darpy |
||
| 250 | _a2è éd. | ||
| 260 |
_aParis : _bDunod, _c2015 |
||
| 300 |
_a120 p. _c18 cm. |
||
| 440 |
_a( Collection Les Topos) _910296 |
||
| 521 | _aBibliogr. pp. (121 - 122) ; Index : pp. (123 - 124) | ||
| 630 | _aSCIENCES APPLIQUEES | ||
| 650 |
_aMarketing _919825 |
||
| 942 | _cLIV | ||
| 999 |
_c54702 _d54702 |
||